000 00639nam a2200277Ia 4500
005 20260401122049.0
008 008 250103s9999 xx 000 0 eng d
020 _a195644239
037 _aTB
040 _aEDL
040 _beng
040 _cEDL
041 _2eng
041 _aeng
084 _aIn820.8 GHO
084 _qEDL
245 0 _aMemsahibs Abroad: Writings by Women Travellers in Nineteenth Century India
260 _aDelhi
260 _bOxford University Press
260 _c1998
300 _a296p
942 _cTB
942 _hIn820.8 GHO
999 _c1844676
_d1844676